000 00270nam a22001217a 4500
003 SGT
082 _a658.15,CHA
100 _aCHANDRA,PRASANNA
245 _aFINANCIAL MANAGEMENT: THEORY AND PRACTICE
250 _a9TH
260 _aNEW DELHI
_bTMH
_c2015
942 _2ddc
_cCD
999 _c10885
_d10885